| 000 | 00554nam a22001457a 4500 | ||
|---|---|---|---|
| 999 |
_c513345 _d513345 |
||
| 020 | _a9780190125578 | ||
| 082 | _aA99 N1315\83 | ||
| 245 |
_aSelected works of Jawaharlal Nehru, vol.83 (1 August - 31 October 1963) _cedited by Madhavan K. Palat |
||
| 260 |
_aNew Delhi _bJawaharlal Nehru Memorial Fund _c2019 |
||
| 300 | _axxxvii, 888p. | ||
| 650 |
_aIndia -- Politics and government -- 1947- _916378 |
||
| 650 |
_aIndia -- History -- 1947- _916379 |
||
| 650 |
_aIndia -- Foreign relations -- 1947-1984. _916380 |
||
| 700 |
_aPalat, Madhavan K., ed. _916049 |
||